| 000 | 00534nam a2200169 4500 | ||
|---|---|---|---|
| 999 |
_c7649 _d7649 |
||
| 003 | OSt | ||
| 005 | 20200317121713.0 | ||
| 008 | 200317b ||||| |||| 00| 0 eng d | ||
| 020 | _a9789352080847 | ||
| 082 |
_a338.927 _bMAL |
||
| 100 | _a Malti (Teaching assistant of zoology), | ||
| 245 |
_aSustainable development : issues and challenges _cDr. Malti. |
||
| 260 |
_aNew Delhi _bSarup Book Publishers (P) Ltd _cc2017 |
||
| 300 |
_ax, 72 pages _billustrations (black and white) _c23 cm |
||
| 650 | _2Sustainable development | ||
| 942 | _2ddc | ||